European Union Licence Plate Codes - Statistics

General Stats
  • This quiz has been taken 122 times
  • The average score is 26 of 29
Answer Stats
Code Country % Correct
F France
100%
IRL Ireland
99%
FIN Finland
97%
I Italy
96%
CZ Czech Republic
95%
LV Latvia
95%
SLO Slovenia
95%
B Belgium
94%
LT Lithuania
94%
RO Romania
94%
PL Poland
93%
BG Bulgaria
92%
H Hungary
92%
NL Netherlands
92%
DK Denmark
91%
EST Estonia
91%
S Sweden
91%
D Germany
89%
SK Slovakia
89%
GB United Kingdom
89%
GR Greece
88%
P Portugal
88%
CY Cyprus
87%
A Austria
86%
L Luxembourg
82%
E Spain
82%
HR Croatia
79%
M Malta
76%
GBZ Gibraltar
55%
No matching quizzes found
Score Distribution
Percent of People with Each Score
Percentile by Number Answered
Your Score History
You have not taken this quiz